| 000 | 00464nam a22001337a 4500 | ||
|---|---|---|---|
| 082 | _a347.4105 MAH | ||
| 100 | _aMahmood, Shaukat & Shaukat, Nadeem | ||
| 245 |
_aThe Law of Evidence: _bAn Exhaustive Commentary on Qanun-e-Shahadat Order (Order X of 1984) / _cShaukat Mahmood & Nadeem Shaukat |
||
| 260 |
_aLahore : _bLegal Research Centre, _c2019. |
||
| 300 | _c24 cm. | ||
| 942 |
_2ddc _cBK |
||
| 999 |
_c586898 _d586898 |
||